Constitucion política de Colombia (Registro nro. 19163)

Detalles MARC
000 -LEADER
fixed length control field 01255nmm a2200325 a 4500
001 - CONTROL NUMBER
control field 0000014107
003 - CONTROL NUMBER IDENTIFIER
control field CO-CtgCURN
005 - DATE AND TIME OF LATEST TRANSACTION
control field 20250512150008.0
007 - PHYSICAL DESCRIPTION FIXED FIELD--GENERAL INFORMATION
fixed length control field co cga---uuuuu
008 - FIXED-LENGTH DATA ELEMENTS--GENERAL INFORMATION
fixed length control field 160627s2002 i eng d
020 ## - INTERNATIONAL STANDARD BOOK NUMBER
International Standard Book Number 9586903141
040 ## - CATALOGING SOURCE
Original cataloging agency CO-CtgCURN
Language of cataloging spa
Transcribing agency coctgcurn
082 0# - DEWEY DECIMAL CLASSIFICATION NUMBER
Classification number 342.861
Item number C43c
245 00 - TITLE STATEMENT
Title Constitucion política de Colombia
Medium [electronic resource] /
Statement of responsibility, etc. compilador Francisco Gómez Sierra.
250 ## - EDITION STATEMENT
Edition statement 16a ed.
260 ## - PUBLICATION, DISTRIBUTION, ETC.
Place of publication, distribution, etc. Bogotá :
Name of publisher, distributor, etc. Leyer,
Date of publication, distribution, etc. 2002.
300 ## - PHYSICAL DESCRIPTION
Extent 541 p + 1 Cd - Rom.
336 ## - CONTENT TYPE
Source rdacontent
337 ## - MEDIA TYPE
Source rdamedia
Media type term sin mediacion
Media type code n
338 ## - CARRIER TYPE
Source rdacarrier
Carrier type term volumen
Carrier type code nc
490 1# - SERIES STATEMENT
Series statement Colección códigos brevis
500 ## - GENERAL NOTE
General note Incluye indice.
505 8# - FORMATTED CONTENTS NOTE
Formatted contents note De los principios fundamentales.--De los derechos las garantias y los deberes.--De los derechos socialeseconomicos y culturales.--De los derechos colectivos y del ambiente.--De la protección y aplicacion de los derechos
650 #0 - SUBJECT ADDED ENTRY--TOPICAL TERM
Topical term or geographic name entry element Derechos civiles
Geographic subdivision Colombia.
700 1# - ADDED ENTRY--PERSONAL NAME
Personal name Gómez Sierra, Francisco.
908 ## - PUT COMMAND PARAMETER (RLIN)
Put command parameter 160627
942 ## - ADDED ENTRY ELEMENTS (KOHA)
Koha item type Libros
Classification part 342.861
Item part C43c
Source of classification or shelving scheme Dewey Decimal Classification
Suppress in OPAC No
Existencias
Withdrawn status Lost status Source of classification or shelving scheme Damaged status Not for loan Collection Home library Current library Shelving location Date acquired Inventory number Total checkouts Full call number Barcode Date last seen Copy number Price effective from Koha item type Public note
    Dewey Decimal Classification     General Miguel Henríquez Castañeda Miguel Henríquez Castañeda General 03/31/2025 004061   342.861 C43c 004061 03/31/2025 ej.1 03/31/2025 Libros 340-DEREC
    Dewey Decimal Classification     General Miguel Henríquez Castañeda Miguel Henríquez Castañeda General 03/31/2025     342.861 C43c CDLI000248 03/31/2025 ej.2 03/31/2025 Libros 340-DEREC